Name the AK Rifles by Picture - Statistics

General Stats
  • This quiz has been taken 5 times
  • The average score is 8 of 16
Answer Stats
Picture Answer % Correct
AK-47
100%
AKM
100%
AK-74
75%
AKS-74
75%
AK-101
50%
AK-12
50%
AKMS
50%
AKS-74u
50%
SKS
50%
AEK-971
25%
AK-105
25%
AK-74M
25%
AN-94
25%
Dragunov SVD
25%
Type 56
25%
vz.58
25%
No matching quizzes found
Score Distribution
Percent of People with Each Score
Percentile by Number Answered
Your Score History
You have not taken this quiz